000 00383nam a2200157Ia 4500
003 GCL
008 140319s9999 xx 000 0 eng d
040 _aGCL /
_cGCL
082 0 4 _aCH
_b823.087
_bB L
100 1 _aS. A
245 1 0 _aLORNA DONNE: A ROMANCE OF EXMOOR /
_cS. A
260 _a[S.N] :
_bPETER HODDOCK PUBLISHING
300 _a202
650 0 4 _aFICTION
942 _2ddc
_cBK
999 _c17931
_d17931